000 002370000a22000970004500
100 1 _aArrastía, Cecilio (1922-)
245 1 0 _aLa tienda
300 _aVol. 3, Núm 13 (1991), Páginas 14-15
773 0 _tImpacto Presbiteriano
942 _cANA
999 _c50963
_d50963